Toward understanding Romans: (Record no. 5673)

000 -LEADER
fixed length control field 00667nam a2200193 a 4500
001 - CONTROL NUMBER
control field :::00003415$&:&@@
003 - CONTROL NUMBER IDENTIFIER
control field OkBaRHE
005 - DATE AND TIME OF LATEST TRANSACTION
control field 20000607103305.0
008 - FIXED-LENGTH DATA ELEMENTS--GENERAL INFORMATION
fixed length control field s1962 j 000 0 eng u
040 ## - CATALOGING SOURCE
Transcribing agency
100 1# - MAIN ENTRY--PERSONAL NAME
Personal name Blackwelder, Boyce W.
245 10 - TITLE STATEMENT
Title Toward understanding Romans:
Remainder of title an introduction and exegetical translation.
260 ## - PUBLICATION, DISTRIBUTION, ETC. (IMPRINT)
Place of publication, distribution, etc Anderson, IN., :
Name of publisher, distributor, etc The Warner Press
Date of publication, distribution, etc c1962
300 ## - PHYSICAL DESCRIPTION
Extent 101 p. ;
Dimensions 21 cm.
650 ## - SUBJECT ADDED ENTRY--TOPICAL TERM
Topical term or geographic name as entry element Bible New Testament Romans
General subdivision Introductions
650 ## - SUBJECT ADDED ENTRY--TOPICAL TERM
Topical term or geographic name as entry element Bible New Testament Romans
General subdivision Translations
942 ## - ADDED ENTRY ELEMENTS (KOHA)
Source of classification or shelving scheme
Koha item type Books
Copies
Lost status Price effective from Koha item type Date last seen Not for loan Date acquired Full call number Damaged status Source of classification or shelving scheme Copy number Withdrawn status Permanent Location Barcode Shelving location
 2010-04-14Books2018-03-28 2010-04-14BS 2665 .B546  1 RHEMA Bible Training College3415General Stacks